A Survival Guide for the Law Students, Candidate Legal Practitioners and newly admitted Legal Practitioners (Record no. 3208)

MARC details
000 -LEADER
fixed length control field 00521nam a22001577a 4500
005 - DATE AND TIME OF INPUT
control field 20241014060150.0
008 - DATA ELEMENTS--GENERAL INFORMATION
fixed length control field 241014b |||||||| |||| 00| 0 eng d
041 ## - LANGUAGE CODE
Language code of text English
082 ## - SHELF NUMBER
DDC number 340.1 SUR
100 ## - MAIN AUTHOR
Language of a work English
245 ## - TITLE STATEMENT
Title A Survival Guide for the Law Students, Candidate Legal Practitioners and newly admitted Legal Practitioners
260 ## - PUBLICATION, DISTRIBUTION, ETC.
Place of publication, distribution, etc. Windhoek:
Name of publisher, distributor, etc. Law Society of Namibia,
Date of publication, distribution, etc. 2024
300 ## - PHYSICAL DESCRIPTION
Other physical details 83 pages;
Dimensions 22 cm.
650 ## - SUBJECT`
Broad subject Legal practice
Own subject terms Law
942 ## - ADDED ENTRY ELEMENTS (KOHA)
Item type Books
942 ## - ADDED ENTRY ELEMENTS (KOHA)
-- ALISON_BN_VRIES
Holdings
Source of classification or shelving scheme Not for loan Collection code Home library Current library Shelving location Date acquired Full call number Barcode Price effective from Koha item type
Dewey Decimal Classification   TEXT BOOKS LAW SOCIETY OF NAMIBIA LIBRARY - WINDHOEK LAW SOCIETY OF NAMIBIA LIBRARY - WINDHOEK General Shelf 10/14/2024 340.1 SUR LSN/2024/115 10/14/2024 Books
Dewey Decimal Classification   TEXT BOOKS LAW SOCIETY OF NAMIBIA LIBRARY - WINDHOEK LAW SOCIETY OF NAMIBIA LIBRARY - WINDHOEK General Shelf 10/14/2024 340.1 SUR LSN/2024/114 10/14/2024 Books
Dewey Decimal Classification   TEXT BOOKS LAW SOCIETY OF NAMIBIA LIBRARY - WINDHOEK LAW SOCIETY OF NAMIBIA LIBRARY - WINDHOEK General Shelf 10/14/2024 340.1 SUR LSN/2024/113 10/14/2024 Books